| 000 | 01010nac a22002651u 4500 | ||
|---|---|---|---|
| 010 | _a 96015358 | ||
| 020 | _a007029710X (alk. paper) | ||
| 082 | 0 | 0 |
_a343.73099 _a347.30399 _bHOL |
| 090 |
_c7606 _d7606 |
||
| 100 | _aHolsinger, Ralph L. | ||
| 245 | 1 | 0 |
_aMedia law / _cRalph L. Holsinger, Jon Paul Dilts. |
| 250 | _a4th ed. | ||
| 260 |
_aNew York : _bMcGraw-Hill,c1997. _cc1997. |
||
| 300 |
_axvii, 693 p. : _bill. ; _c25 cm. |
||
| 440 | 0 | _aMcGraw-Hill series in mass communication | |
| 500 | _aDistributer: Al-Ahram. | ||
| 504 | _aIncludes bibliographical references and indexes. | ||
| 511 | _a Catalogued By: Mahitab. | ||
| 650 | 0 |
_aMass media _xLaw and legislation _zUnited States. |
|
| 650 | 0 |
_aPress law _zUnited States. |
|
| 700 | 1 | _aDilts, Jon. | |
| 856 | 4 | 2 |
_3Publisher description _uhttp://www.loc.gov/catdir/description/mh022/96015358.html |
| 856 | 4 | 2 |
_3Table of contents _uhttp://www.loc.gov/catdir/toc/mh022/96015358.html |
| 942 |
_cBB _k343.73099HOL |
||
| 999 |
_c7606 _d7606 |
||